| Tag |
First Indicator |
Second Indicator |
Subfields |
| LEADER |
00000cam a2200000 a 4500 |
| 001 |
in00001245821 |
| 005 |
20151003093444.0 |
| 008 |
960219s1996 enka b 001 0 eng d |
| 020 |
|
|
|a 0412709708
|
| 035 |
|
|
|a (OCoLC)34216010
|
| 035 |
|
|
|9 AGV6464AM
|
| 040 |
|
|
|a RVE
|c RVE
|d TAI
|d TXA
|d UtOrBLW
|
| 049 |
|
|
|a TXAM
|
| 090 |
|
|
|a TK7871.89.S544
|b S54 1996
|
| 245 |
0 |
0 |
|a Silicon sensors and circuits :
|b on-chip compatibility /
|c edited by R.F. Wolffenbuttel.
|
| 250 |
|
|
|a 1st ed.
|
| 264 |
|
1 |
|a London ;
|a New York :
|b Chapman & Hall,
|c 1996.
|
| 300 |
|
|
|a xvi, 313 pages :
|b illustrations ;
|c 23 cm.
|
| 336 |
|
|
|a text
|b txt
|2 rdacontent
|
| 337 |
|
|
|a unmediated
|b n
|2 rdamedia
|
| 338 |
|
|
|a volume
|b nc
|2 rdacarrier
|
| 490 |
1 |
|
|a Sensor physics and technology series ;
|v 3
|
| 504 |
|
|
|a Includes bibliographical references and index.
|
| 650 |
|
0 |
|a Silicon diodes.
|
| 650 |
|
0 |
|a Integrated circuits
|x Materials.
|
| 650 |
|
0 |
|a Electronic circuits.
|
| 700 |
1 |
|
|a Woeffenbuttel, R. F.
|
| 830 |
|
0 |
|a Sensor physics and technology series ;
|v 3.
|
| 999 |
|
|
|a MARS
|
| 999 |
f |
f |
|s 2dbaa0cb-2208-3184-ac9a-9b13b6d1a66f
|i 03c22a77-ac5b-3d35-8479-7999febe0cc2
|t 0
|
| 952 |
f |
f |
|p ric
|a Texas A&M University
|b Rellis Campus
|c Joint Library Facility
|d Remote Storage
|t 0
|e TK7871.89 .S544 S54 1996
|h Library of Congress classification
|i unmediated -- volume
|m A14819897306
|
| 998 |
f |
f |
|a TK7871.89 .S544 S54 1996
|t 0
|l Remote Storage
|